Основы расчета трубопроводной арматуры

Detalles Bibliográficos
Autor Principal: Гуревич Д. Ф. Давид Файвушев
Idioma:ruso
Publicado: Москва, Машгиз, 1962
Edición:2-е изд., испр. и доп.
Subjects:
Formato: Libro
KOHA link:https://koha.lib.tpu.ru/cgi-bin/koha/opac-detail.pl?biblionumber=69095

MARC

LEADER 00000nam0a2200000 4500
001 69095
005 20231031075423.0
035 |a (RuTPU)RU\TPU\book\73591 
090 |a 69095 
100 |a 20041018d1962 k y0rusy50 ca 
101 0 |a rus 
102 |a RU 
105 |a a z 001zy 
200 1 |a Основы расчета трубопроводной арматуры  |f Д. Ф. Гуревич 
205 |a 2-е изд., испр. и доп. 
210 |a Москва  |a Ленинград  |c Машгиз  |d 1962 
215 |a 410 с.  |c ил.  |e 2 л. номогр. 
320 |a Библиогр.: с. 406-407. 
610 1 |a трубопроводная арматура 
610 1 |a расчет 
610 1 |a проектирование 
610 1 |a эксплуатация 
610 1 |a силовой расчет 
610 1 |a гидравлический расчет 
675 |a 621.646  |v 3 
700 1 |a Гуревич  |b Д. Ф.  |g Давид Файвушев 
801 1 |a RU  |b 63413507  |c 20041018  |g PSBO 
801 2 |a RU  |b 63413507  |c 20221118  |g PSBO 
942 |c BK